Marvel Villains by Hero #2 - Statistics

General Stats
  • This quiz has been taken 70 times
  • The average score is 9 of 15
Answer Stats
Hint Answer % Correct
Spiderman Mysterio
84%
Thor Malekith
80%
Avengers Ultron
80%
Iron Man Whiplash
77%
Captain America Baron Zemo
75%
X-Men Mystique
68%
Ant-Man Beetle
66%
Fantastic Four Galactus
64%
Hulk The Leader
64%
Doctor Strange Scarlet Witch
61%
Black Panther Man-Ape
45%
Daredevil Kilgrave
41%
Captain Marvel Supreme Intelligence
41%
Inumans Blastaar
36%
S.H.I.E.L.D. Jiaying
23%
No matching quizzes found
Score Distribution
Percent of People with Each Score
Percentile by Number Answered
Your Score History
You have not taken this quiz